Colonial history quiz - Statistics

General Stats
  • This quiz has been taken 33 times
  • The average score is 4 of 8
Answer Stats
Question Answer % Correct
Who colonised Indonesia? Dutch
100%
Which country was the first British colony to gain independence? USA
100%
In what year was Malaya independent? 1957
60%
On what date did Singapore become independent from Malaysia? 9 August 1965
40%
Who was Indonesia's first president post Dutch rule? Sukarno
40%
In what year did the British set up the Federated Malay states? 1896
20%
Who was the first Prime Minister of Singapore? Lee Kuan Yew
0%
Which 3 states merged with Malaya to form Malaysia? Singapore, Sabah, Serawak
0%
No matching quizzes found
Score Distribution
Percent of People with Each Score
Percentile by Number Answered
Your Score History
You have not taken this quiz